|
|
|
|
| LEADER |
00000cam a2200000 7i4500 |
| 001 |
0000003735 |
| 005 |
20110503.0 |
| 020 |
0 |
0 |
|a 0471609196
|
| 090 |
0 |
0 |
|a 634.9068
|b VAR1989
|
| 100 |
0 |
0 |
|a Vardaman, James M
|
| 245 |
0 |
0 |
|a How to make money growing trees
|
| 260 |
0 |
0 |
|b Wiley ,
|c 1989
|
| 300 |
|
|
|a vii,296 p. ;
|c 24 cm.
|
| 650 |
0 |
0 |
|a Forest and forestry---Economic aspects
|
| 650 |
0 |
0 |
|a Forest management
|
| 650 |
0 |
0 |
|a Forest product industry---Management
|
| 650 |
0 |
0 |
|a Lumber trade---Management
|
| 650 |
0 |
0 |
|a Tree farms---Economic aspects
|
| 999 |
|
|
|a 006991
|b Monograph
|c Open Shelf
|e Default branch
|